| 000 | 00347nam a2200145 a 4500 | ||
|---|---|---|---|
| 001 | 347 | ||
| 003 | CDMR | ||
| 005 | 20130116135153.0 | ||
| 008 | 130130s2002||||||||||||||||||||||||||||d | ||
| 040 |
_aCDMR _bcat _cCDMR |
||
| 100 | 1 |
_aSoriano, Tino _9237 |
|
| 245 | 1 | 0 |
_aBatecs en un hospital _cSORIANO, Tino |
| 260 |
_aBarcelona _c2002 _bLunwerg |
||
| 942 | _cMON | ||
| 999 |
_c347 _d347 |
||